000 00396nam a2200145 a 4500
001 000031585
005 20200930063032.0
008 110627s1958 dr 000 0 spa d
040 _aDO-SdBNP
_bspa
_cBNPHU
041 1 7 _aeng
245 0 0 _aEstablishment of the Patronato de San Rafael.
260 _a[Santo Domingo] :
_b[s.n.],
_c1958.
300 _a15 p. :
_bil., retrs. ;
_c23 cm.
049 _aBNPD
999 _c31077
_d31077